| 000 | 00738cam a2200241 a 4500 | ||
|---|---|---|---|
| 001 | 1150769 | ||
| 003 | ARRUPE | ||
| 005 | 20170112094523.0 | ||
| 008 | 950501r19921642it b 000 0 lat | ||
| 010 | _a 95147325 | ||
| 040 |
_aDLC _cDLC |
||
| 041 | 0 | _alatita | |
| 050 | 0 | 0 | _aB1838.G112 |
| 100 | 1 |
_aDescartes, René, _d1596-1650. _94894 |
|
| 245 | 1 | 0 |
_aMeditationes / _bde prima philosophia _cby René Descartes. |
| 260 |
_aHamburg _bFelix Meiner Verlag _c1959 |
||
| 300 |
_axxix, 166p.; _c19cm. |
||
| 500 | _aLatin and German | ||
| 700 |
_aGabe, Luder _eed. _928278 |
||
| 906 |
_a7 _bcbc _corignew _d3 _encip _f19 _gy-gencatlg |
||
| 942 |
_2lcc _cMONOGRAPH |
||
| 999 |
_c125960 _d125960 |
||